Loading...
| Literature - World | 0 | 5 | 0 | 1 | 50 | 63 | 90.20 | 1 | 2 | 17.44 | 34.27 |
| Literature - European | 0 | 4 | 0 | 0 | 40 | 57 | 98.00 | 0 | 2 | 12.79 | 29.36 |
| Religion | 0 | 2 | 0 | 0 | 20 | 80 | 102.00 | 1 | 1 | 4.54 | 12.73 |
| History - European | 0 | 1 | 0 | 0 | 10 | 65 | 65.00 | 0 | 1 | 4.92 | 8.00 |
| Literature - American | 0 | 1 | 0 | 0 | 10 | 46 | 46.00 | 0 | 1 | 6.99 | 6.36 |
| Literature - British | 0 | 1 | 0 | 0 | 10 | 133 | 133.00 | 0 | 0 | 0.29 | 3.64 |
| Mythology | 0 | 1 | 0 | 1 | 10 | 132 | 132.00 | 0 | 0 | 0.00 | 3.00 |
| Philosophy | 0 | 1 | 0 | 0 | 10 | 78 | 78.00 | 1 | 1 | 3.22 | 9.09 |
| Social Science | 0 | 1 | 0 | 0 | 10 | 69 | 69.00 | 0 | 0 | 3.55 | 7.27 |
| Fine Arts - Painting and Sculpture | 0 | 1 | 0 | 0 | 10 | 120 | 120.00 | 0 | 0 | 0.84 | 6.36 |
| History - American | 0 | 1 | 0 | 0 | 10 | 61 | 61.00 | 0 | 0 | 4.50 | 5.00 |
| Fine Arts - Other | 0 | 1 | 2 | 1 | 0 | 116 | 116.00 | 0 | 0 | 0.00 | 2.00 |
| Fine Arts - Classical Music | 0 | 0 | 0 | 0 | 0 | 0.00 | 0 | 0 | 0.00 | 0.00 |